| 000 | 01398nam a22002657a 4500 | ||
|---|---|---|---|
| 005 | 20170124103219.0 | ||
| 010 | _aB-152721 | ||
| 020 | _c150.00 | ||
| 035 | _aB-152721 | ||
| 037 | _bCen Lib/Ret | ||
| 040 |
_aDPL _bHN |
||
| 082 |
_a153.12 _bब्राइट |
||
| 100 |
_aब्राइट, जे.एस. _9100355 |
||
| 245 |
_aस्मरण शक्ति को सुधारना : _cजे.एस.ब्राइट ; अनुवादक राम लखन मीणा _bनवीनतम शोधों पर आधारित एक आधुनिक कृति / |
||
| 246 |
_aSmaran shakti ko sudharna : naveentam shodhon par adharit ek adhunik kriti / _bby J.S.Bright ; anuvadak Ram Lakhan Meena |
||
| 260 |
_aराजस्थान _bसिद्धिविनायक प्रकाशन _c2004 |
||
| 270 |
_bराजस्थान _aसवाई माधोपुर _e322028 |
||
| 300 |
_avi,108पृ. _c20सेमी(सजिल्द) |
||
| 650 |
_aमानसिक प्रक्रियाओं और खुफिया _983883 |
||
| 650 |
_aवैज्ञानिक अध्य्यन _9100356 |
||
| 650 |
_aMental processes and intelligence _9100357 |
||
| 650 |
_aScientific studies _9100358 |
||
| 700 |
_aमीणा, राम लखन _945799 |
||
| 942 |
_2ddc _cHN _h153.12 _mब्राइट |
||
| 999 |
_c121700 _d121700 |
||